000
00312nam a22001337a 4500
008
181105b xxu||||| |||| 00| 0 eng d
020
_a
9780131485273
041
_a
eng
080
_a
574
100
_a
9
101
_a
MJE
245
_a
Quantitative Reasoning and the Environment
_c
Langkamp,G
942
_2
udc
_c
BK
999
_c
51786
_d
51786